000 00421nam a2200181Ia 4500
001 4790
005 20260306145821.0
008 260306t1997||||xx |||||||||||||| ||spa||
041 _aESP
082 _a330.1
_bN86
100 _aNovelo Urdanivia, Federico
_eAUT
245 0 _aInvitación a Keynes
260 _c1997
300 _a161 pƔginas :
_c17 cm.
650 _aGEN
654 _aCAN
942 _cLIB
_dJUS
_fJUS
_2ddc
_n
999 _c4790
_d4790